01266 2200313 4500001002100000005001500021035002000036007000300056008004100059020002200100082001000122084001600132100003100148245005000179250001400229300003800243650002500281700003000306264004700336336002100383337003000404338002300434504002000457520043100477990001100908990001100919990001100930990001100941INLIS00000000002186220231108102058 a0010-1123000070ta231108 g 0 ind  a978-602-5790-02-7 a153.6 a153.6 WIN s0 aWindri MaharaniePengarang1 aSeni Membaca Pikiran :bRahasia Dahsyat Hidup aCetakan 1 a200 halaman :bIlustrasi ;c21 cm 4aPsikologi Komunikasi0 aTim HiputindoePenyunting aYogyakarta :bHijaz Pustaka Mandiri,c2022 2rdacontentaTeks 2rdamediaaTanpa Perantara 2rdacarrieraLembar a180-181 halaman aJangan buru-buru skeptis dan menyimpulkan bahwa membaca pikiran itu sesuatu yang tidak mungkin dilakukan. Justru sebaliknya, kemampuan membaca pikiran adalah kemampuan yang relatif mudah. Tidak hanya orang-orang tertentu yang bisa menguasainya, bahkan setiap orang bisa menguasai kemampuan ini asalkan memahami tekniknya mempelajarinya dengan sungguh-sungguh, lalu berlatih terus-menerus mengaplikasikannya di kehidupan nyata. a066312 a076567 a076568 a066311